Zmeny organizačnej kultúry

Vybrané problémy tvorby a zmeny organizačnej kultúry v slovenských podnikoch, ktoré reagujú na nové trendy v ekonomickom prostredí, ako sú globalizácia, fúzie a akvizície podnikov, vstup kapitálu zahraničných investorov do podnikov a ďalšie. Spôsoby, pomocou ktorých manažéri vytvárajú a riadia organ...

Ausführliche Beschreibung

Gespeichert in:
Bibliographische Detailangaben
1. Verfasser: Bosáková, Mária
Weitere Verfasser: Olexová, Cecília, 1976-
Format: Buchkapitel
Sprache:Slowakisch
Schlagworte:
Tags: Tag hinzufügen
Keine Tags, Fügen Sie das erste Tag hinzu!

MARC

LEADER 00000nla$a2200000$$$4500
001 0038478
005 20240502071500.2
041 0 |a slo 
044 |a SK 
245 1 0 |a Zmeny organizačnej kultúry  |c Mária Bosáková, Cecília Olexová 
520 |a Vybrané problémy tvorby a zmeny organizačnej kultúry v slovenských podnikoch, ktoré reagujú na nové trendy v ekonomickom prostredí, ako sú globalizácia, fúzie a akvizície podnikov, vstup kapitálu zahraničných investorov do podnikov a ďalšie. Spôsoby, pomocou ktorých manažéri vytvárajú a riadia organizačnú kultúru, možnosti implementácie zmien a odporúčaný proces transformácie organizačnej kultúry. 
610 2 0 |a kultúra 
610 2 0 |a zmeny organizačné 
610 2 0 |a manažment 
610 2 0 |a zdroje ľudské 
610 2 0 |a prostredie ekonomické 
610 2 0 |a riadenie ľudských zdrojov 
610 2 0 |a globalizácia 
100 1 |a Bosáková, Mária 
700 1 |a Olexová, Cecília, 1976-